000 00453nam a2200157Ia 4500
008 160316s1998 xxu||||| |||| 00| 0 eng d
082 _a346.043200
_bRAJ
100 _aRajaraman Indira
245 _aA land-based agricultural presumptive tax designed for levy by Panchayats
250 _a
260 _aMumbai
_bEconomic and Political Weekly
_c1998
300 _a14
_b
_c
365 _b
650 _a1. Agricultural land - tax
700 _aBhende M J
_a
999 _c39947
_d39947